000 00712nam a22002177a 4500
005 20250724120402.0
010 _aENG-146106
020 _a9789361593284
_c1130.00
035 _aEN-129638
037 _bDBAD
082 _a546
_25
100 _aMiessler, Gary L.
_983248
245 _aInorganic Chemistry/
_cGary L. Miessler; Paul J. Fischer [and] Donald A. Tarr
250 _a5
260 _aNoida
_bPearson India Education
_c2025
270 _a15th Floor, Towe-B, World Trade Tower, Plot No.1, Block-C, Sector-16
_bNoida
_e201301
300 _a682p.
_c25cm(pb)
700 _aFischer, Paul J.
_eAuthor
_983249
700 _aTarr, Donald A.
_eAuthor
_983250
942 _2ddc
_cEN
_h546
_mMIE
999 _c212539
_d212539